| Tag |
First Indicator |
Second Indicator |
Subfields |
| LEADER |
00000cam a22000004a 4500 |
| 001 |
in00001549949 |
| 005 |
20151022062840.0 |
| 008 |
991129s2000 nyu b 001 0deng |
| 010 |
|
|
|a 99088146
|
| 020 |
|
|
|a 0805043810
|
| 035 |
|
|
|a (OCoLC)ocm42923685
|
| 040 |
|
|
|a DLC
|c DLC
|d C#P
|d TXA
|d UtOrBLW
|
| 042 |
|
|
|a pcc
|
| 043 |
|
|
|a a-cc-ti
|
| 049 |
|
|
|a TXAM
|
| 050 |
0 |
0 |
|a DS786
|b .S295 2000
|
| 082 |
0 |
0 |
|a 951/.5
|2 21
|
| 100 |
1 |
|
|a Schell, Orville.
|
| 245 |
1 |
0 |
|a Virtual Tibet :
|b searching for Shangri-la from the Himalayas to Hollywood /
|c Orville Schell.
|
| 250 |
|
|
|a 1st ed.
|
| 264 |
|
1 |
|a New York :
|b Metropolitan Books,
|c 2000.
|
| 300 |
|
|
|a x, 340 pages ;
|c 25 cm.
|
| 336 |
|
|
|a text
|b txt
|2 rdacontent
|
| 337 |
|
|
|a unmediated
|b n
|2 rdamedia
|
| 338 |
|
|
|a volume
|b nc
|2 rdacarrier
|
| 504 |
|
|
|a Includes bibliographical references (pages [317]-326) and index.
|
| 651 |
|
0 |
|a Tibet Autonomous Region (China)
|x History.
|
| 651 |
|
0 |
|a Tibet Autonomous Region (China)
|x In motion pictures.
|
| 651 |
|
0 |
|a Tibet Autonomous Region (China)
|x Foreign public opinion.
|
| 948 |
|
|
|a cataloged
|b h
|c 2000/7/20
|d c
|e rdavis
|f 4:56:51 pm
|
| 994 |
|
|
|a E0
|b TXA
|
| 999 |
|
|
|a MARS
|
| 999 |
f |
f |
|s eb4cd75d-4128-3867-91e3-bb7c93a548c1
|i 88e49863-b50f-301d-9e20-c173018b9225
|t 0
|
| 952 |
f |
f |
|p ric
|a Texas A&M University
|b Rellis Campus
|c Joint Library Facility
|d Remote Storage
|t 0
|e DS786 .S295 2000
|h Library of Congress classification
|i unmediated -- volume
|m A14825987266
|
| 998 |
f |
f |
|a DS786 .S295 2000
|t 0
|l Remote Storage
|